Ship design and construction
Guardat en:
| Autor principal: | |
|---|---|
| Format: | Llibre |
| Idioma: | anglès |
| Publicat: |
Nueva York
Society of Naval Architects and Marine Engineers
1969
|
| Matèries: | |
| Etiquetes: |
Afegir etiqueta
Sense etiquetes, Sigues el primer a etiquetar aquest registre!
|
MARC
| LEADER | 00000nam a2200000 a 4500 | ||
|---|---|---|---|
| 001 | UCY2297 | ||
| 003 | CL-VaPUC | ||
| 008 | 941020e19690000US |||||||||||||||||eng|d | ||
| 082 | 0 | 4 | |a 623.82 |b DAR |2 21 |
| 100 | 0 | |a D'Arcangelo, Amelio M |e author |9 330359 | |
| 245 | 1 | 0 | |a Ship design and construction |
| 300 | |a 618 p | ||
| 942 | |c BK | ||
| 945 | |d 19941020 00:00:00 |a mfernand | ||
| 260 | |a Nueva York |b Society of Naval Architects and Marine Engineers |c 1969 | ||
| 650 | 0 | |a Arquitectura naval |9 261969 | |
| 650 | 7 | |a BARCOS METALICOS |2 CL-VaPUC |9 261996 | |
| 583 | |a last modification |c 19941020 00:00:00 |k Rodrigo Vera | ||
| 999 | |c 230748 |d 230746 | ||